[Event "4NCL/Div1c/WGHK1 vs. WGHK2"]
[Site "Hinckley Island ENG"]
[Date "2009.03.22"]
[Round "8.1"]
[White "Greet, Andrew N"]
[Black "Sowray, Peter J"]
[Result "1-0"]
[WhiteElo "2446"]
[BlackElo "2303"]
[PlyCount "103"]
[EventDate "2009.03.22"]
[EventType "team"]
[EventRounds "11"]
[EventCountry "ENG"]
[SourceDate "2008.10.04"]

1. e4 e6 2. d4 d5 3. Nc3 dxe4 4. Nxe4 Qd5 5. Bd3 Nf6 6. Nxf6+ gxf6 7. Nf3 Rg8
8. O-O Nc6 9. c4 Qh5 10. Re1 Bd6 11. g3 Bd7 12. Be3 O-O-O 13. Nd2 Qxd1 14.
Raxd1 f5 15. f4 Nb4 16. Bb1 Na6 17. Nf3 c5 18. d5 Kc7 19. Ng5 Rg7 20. Bd2 h6
21. Nxf7 Rxf7 22. dxe6 Bxe6 23. Rxe6 Bf8 24. Ba5+ b6 25. Rxd8 Kxd8 26. Bc3 Nb4
27. a3 Kd7 28. Re5 Nc6 29. Rxf5 Rxf5 30. Bxf5+ Kd6 31. Kf2 Nd4 32. Bxd4 cxd4
33. g4 d3 34. Bxd3 Bg7 35. b4 Bb2 36. a4 Bc3 37. b5 Bd2 38. Kf3 Kc5 39. Ke4 Kd6
40. h4 Ke6 41. g5 hxg5 42. hxg5 Bc1 43. Bf1 Bd2 44. Bh3+ Kd6 45. Kf5 Be3 46.
Kg4 Ke7 47. f5 Bd2 48. f6+ Ke6 49. Kh5+ Kf7 50. Bg2 Ke6 51. Bd5+ Kf5 52. c5 1-0

[Event "4NCL/Div1c/WGHK1 vs. WGHK2"]
[Site "Hinckley Island ENG"]
[Date "2009.03.22"]
[Round "8.2"]
[White "Briscoe, Christopher"]
[Black "Gordon, Stephen J"]
[Result "0-1"]
[WhiteElo "2268"]
[BlackElo "2524"]
[PlyCount "72"]
[EventDate "2009.03.22"]
[EventType "team"]
[EventRounds "11"]
[EventCountry "ENG"]
[SourceDate "2008.10.04"]

1. d4 Nf6 2. c4 e6 3. Nc3 Bb4 4. Qc2 Nc6 5. Nf3 d6 6. a3 Bxc3+ 7. Qxc3 O-O 8.
b4 Re8 9. e3 e5 10. dxe5 dxe5 11. Bb2 e4 12. Nd4 Ne5 13. h3 Qe7 14. O-O-O Bd7
15. f4 exf3 16. gxf3 c5 17. bxc5 Rac8 18. c6 bxc6 19. e4 Nh5 20. Rg1 Rcd8 21.
Ne2 Qf6 22. Bg2 Bc8 23. Kb1 Ba6 24. Rxd8 Qxd8 25. f4 Qd3+ 26. Qxd3 Nxd3 27. Bf3
Rb8 28. Bxh5 Rxb2+ 29. Ka1 Bxc4 30. Rd1 Ra2+ 31. Kb1 Rxa3 32. Nc1 Rc3 33. Ne2
Rb3+ 34. Ka1 g6 35. Bg4 Ra3+ 36. Kb1 Ba2+ 0-1

[Event "4NCL/Div1c/WGHK1 vs. WGHK2"]
[Site "Hinckley Island ENG"]
[Date "2009.03.22"]
[Round "8.3"]
[White "McDonald, Neil"]
[Black "Lee, Graham D"]
[Result "1-0"]
[WhiteElo "2401"]
[BlackElo "2269"]
[PlyCount "53"]
[EventDate "2009.03.22"]
[EventType "team"]
[EventRounds "11"]
[EventCountry "ENG"]
[SourceDate "2008.10.04"]

1. e4 c6 2. d4 d5 3. exd5 cxd5 4. c4 Nf6 5. Nc3 Nc6 6. Bg5 Be6 7. Nf3 Ne4 8.
Be2 Nxc3 9. bxc3 dxc4 10. Rb1 Qd7 11. O-O Bd5 12. Nd2 h6 13. Bh4 Na5 14. Bf3 b5
15. Re1 g5 16. Bxd5 Qxd5 17. Re5 Qd8 18. Rbxb5 Nc6 19. Rec5 Qd7 20. Bg3 e6 21.
Ne4 Be7 22. Qf3 f5 23. Rxc6 g4 24. Qe2 Qxc6 25. Nd6+ Bxd6 26. Qxe6+ Kd8 27. Rd5
1-0

[Event "4NCL/Div1c/WGHK1 vs. WGHK2"]
[Site "Hinckley Island ENG"]
[Date "2009.03.22"]
[Round "8.4"]
[White "Lindner, Daniel"]
[Black "Houska, Jovanka"]
[Result "1/2-1/2"]
[WhiteElo "2243"]
[BlackElo "2392"]
[PlyCount "86"]
[EventDate "2009.03.22"]
[EventType "team"]
[EventRounds "11"]
[EventCountry "ENG"]
[SourceDate "2008.10.04"]

1. e4 c6 2. d4 d5 3. e5 Bf5 4. Nf3 e6 5. Be2 Nd7 6. Be3 Bg6 7. Nbd2 Nh6 8. c3
Nf5 9. Bg5 Be7 10. h4 f6 11. exf6 Bxf6 12. Qb3 O-O 13. Qxb7 Rb8 14. Qxc6 Rb6
15. Qa4 Rxb2 16. Qa3 Rb6 17. Qxa7 Bxg5 18. hxg5 Nd6 19. O-O Ne4 20. Nxe4 Bxe4
21. Ne1 Rf7 22. Qa3 Qxg5 23. Qc1 Qh4 24. Qe3 e5 25. Qg3 Qh6 26. dxe5 Rg6 27.
Qh2 Qxh2+ 28. Kxh2 Nxe5 29. f3 Bf5 30. Rd1 Be6 31. f4 Bg4 32. Nf3 Rh6+ 33. Kg3
Bxf3 34. Bxf3 Rg6+ 35. Kh3 Rh6+ 36. Kg3 Rg6+ 37. Kh2 Nxf3+ 38. Rxf3 Ra7 39. Rd2
Ra3 40. Rfd3 Rh6+ 41. Kg1 Rf6 42. g3 Rc6 43. Rc2 d4 1/2-1/2

[Event "4NCL/Div1c/WGHK1 vs. WGHK2"]
[Site "Hinckley Island ENG"]
[Date "2009.03.22"]
[Round "8.5"]
[White "Tiller, Bjorn"]
[Black "McFarland, Robert S"]
[Result "1-0"]
[WhiteElo "2370"]
[BlackElo "2218"]
[PlyCount "67"]
[EventDate "2009.03.22"]
[EventType "team"]
[EventRounds "11"]
[EventCountry "ENG"]
[SourceDate "2008.10.04"]

1. e4 g6 2. d4 d6 3. c4 Bg7 4. Nc3 Nf6 5. f3 O-O 6. Bg5 c5 7. d5 h6 8. Be3 e6
9. Qd2 exd5 10. cxd5 Kh7 11. Nge2 Nbd7 12. Ng3 a6 13. a4 Qa5 14. Ra3 Rb8 15.
Be2 Qd8 16. O-O Ne8 17. f4 b6 18. Bd3 Nc7 19. e5 c4 20. Bxc4 dxe5 21. f5 b5 22.
axb5 axb5 23. d6 bxc4 24. dxc7 Qxc7 25. Nd5 Qd8 26. Ne4 gxf5 27. Rxf5 Bb7 28.
Bxh6 Bxd5 29. Rh3 f6 30. Bxg7+ Kg6 31. Qxd5 Rb3 32. Rxb3 cxb3 33. Bxf8 Kxf5 34.
Nd6+ 1-0

[Event "4NCL/Div1c/WGHK1 vs. WGHK2"]
[Site "Hinckley Island ENG"]
[Date "2009.03.22"]
[Round "8.6"]
[White "Fowler, Simon"]
[Black "Martin, Andrew D"]
[Result "0-1"]
[WhiteElo "2210"]
[BlackElo "2421"]
[PlyCount "64"]
[EventDate "2009.03.22"]
[EventType "team"]
[EventRounds "11"]
[EventCountry "ENG"]
[SourceDate "2008.10.04"]

1. e4 g6 2. d4 Bg7 3. Nc3 d6 4. Nge2 Nf6 5. g3 O-O 6. Bg2 e5 7. h3 Nc6 8. Be3
Bd7 9. Qd2 exd4 10. Nxd4 Re8 11. O-O-O a6 12. f4 Na5 13. Qd3 Rb8 14. Rhe1 b5
15. e5 dxe5 16. fxe5 Rxe5 17. b4 Qe7 18. bxa5 b4 19. Nb1 c5 20. Nc6 Bxc6 21.
Bxc6 Rc8 22. Qxa6 Rxc6 23. Qxc6 Rxe3 24. Rf1 Bh6 25. Nd2 Re6 26. Qc8+ Kg7 27.
Kb1 Nd5 28. a6 Nc3+ 29. Kb2 Nxd1+ 30. Rxd1 Qf6+ 31. Kb3 Qc3+ 32. Ka4 Qxc2+ 0-1

[Event "4NCL/Div1c/WGHK1 vs. WGHK2"]
[Site "Hinckley Island ENG"]
[Date "2009.03.22"]
[Round "8.7"]
[White "Farrand, Tom"]
[Black "Hasman, Cengiz"]
[Result "1-0"]
[WhiteElo "2266"]
[BlackElo "2111"]
[PlyCount "103"]
[EventDate "2009.03.22"]
[EventType "team"]
[EventRounds "11"]
[EventCountry "ENG"]
[SourceDate "2008.10.04"]

1. e4 Nf6 2. e5 Nd5 3. d4 d6 4. c4 Nb6 5. exd6 cxd6 6. Nc3 g6 7. Be3 Bg7 8. Rc1
O-O 9. b3 N6d7 10. Nf3 e5 11. Be2 Nc6 12. O-O h6 13. dxe5 dxe5 14. Qd6 Re8 15.
Rfd1 Kh7 16. Nb5 a6 17. Nc7 Bf8 18. Qd5 Qxc7 19. Qxf7+ Bg7 20. Nh4 Re7 21.
Qxg6+ Kh8 22. Bxh6 Nf8 23. Qh5 Kg8 24. Bf3 Bxh6 25. Qxh6 Nd4 26. Rc3 Be6 27.
Bh5 Rg7 28. Rdd3 Rd8 29. Rg3 Rdd7 30. Ng6 Nxg6 31. Rxg6 Rxg6 32. Qxg6+ Rg7 33.
Qe8+ Kh7 34. Bf3 Qf7 35. Be4+ Bf5 36. Rh3+ Kg6 37. Bxf5+ Nxf5 38. Qxe5 Qe7 39.
Qxe7 Rxe7 40. Kf1 Nd4 41. Re3 Rxe3 42. fxe3 Nc2 43. Ke2 Kf5 44. Kd2 Nb4 45. a3
Nc6 46. Kd3 Ke5 47. g4 b5 48. cxb5 axb5 49. a4 Nb4+ 50. Ke2 bxa4 51. bxa4 Ke4
52. a5 1-0

[Event "4NCL/Div1c/WGHK1 vs. WGHK2"]
[Site "Hinckley Island ENG"]
[Date "2009.03.22"]
[Round "8.8"]
[White "Hegarty, Sarah"]
[Black "Broomfield, Matthew"]
[Result "1/2-1/2"]
[WhiteElo "2088"]
[BlackElo "2340"]
[PlyCount "21"]
[EventDate "2009.03.22"]
[EventType "team"]
[EventRounds "11"]
[EventCountry "ENG"]
[SourceDate "2008.10.04"]

1. e4 Nf6 2. e5 Nd5 3. d4 d6 4. c4 Nb6 5. f4 dxe5 6. fxe5 Bf5 7. Nc3 e6 8. Nf3
Nc6 9. Be3 Bb4 10. Be2 O-O 11. O-O 1/2-1/2

[Event "4NCL/Div1c/WRO1 vs. PAP"]
[Site "Hinckley Island ENG"]
[Date "2009.03.22"]
[Round "8.2"]
[White "Emms, John M"]
[Black "Wells, Peter K"]
[Result "1/2-1/2"]
[WhiteElo "2488"]
[BlackElo "2513"]
[PlyCount "87"]
[EventDate "2009.03.22"]
[EventType "team"]
[EventRounds "11"]
[EventCountry "ENG"]
[SourceDate "2008.10.04"]

1. e4 c5 2. Nf3 Nc6 3. Nc3 d6 4. d4 cxd4 5. Nxd4 Nf6 6. Bc4 e6 7. O-O Be7 8.
Be3 a6 9. a4 O-O 10. Kh1 d5 11. exd5 exd5 12. Bb3 Re8 13. h3 Bb4 14. Nce2 Bd6
15. c3 h6 16. Qc2 Bc7 17. Rad1 Nxd4 18. Nxd4 Qd6 19. Nf3 g6 20. Qd2 Rxe3 21.
Qxe3 Bf5 22. Rd4 Be4 23. Rxe4 Nxe4 24. Qxh6 Re8 25. g3 Bb6 26. Ng5 Nxg5 27.
Qxg5 Re2 28. Qxd5 Qxd5+ 29. Bxd5 Rxb2 30. f4 Bd8 31. h4 Kg7 32. Re1 b5 33. axb5
axb5 34. Re8 Bf6 35. Rc8 Rd2 36. Bb3 Rd3 37. Rc7 Bxc3 38. Rxf7+ Kh8 39. Kg2 Be1
40. Rf8+ Kg7 41. Rf7+ Kh8 42. Be6 Rxg3+ 43. Kf1 Re3 44. f5 1/2-1/2

[Event "4NCL/Div1c/WRO1 vs. PAP"]
[Site "Hinckley Island ENG"]
[Date "2009.03.22"]
[Round "8.3"]
[White "Palliser, Richard"]
[Black "Hunt, Harriet"]
[Result "1-0"]
[WhiteElo "2406"]
[BlackElo "2463"]
[PlyCount "87"]
[EventDate "2009.03.22"]
[EventType "team"]
[EventRounds "11"]
[EventCountry "ENG"]
[SourceDate "2008.10.04"]

1. d4 Nf6 2. c4 e6 3. Nc3 Bb4 4. f3 d5 5. a3 Be7 6. e4 dxe4 7. fxe4 e5 8. d5
Bc5 9. Nf3 Bg4 10. h3 Bxf3 11. Qxf3 Nbd7 12. g4 O-O 13. Bd2 c6 14. O-O-O a5 15.
h4 Bd4 16. g5 Ne8 17. Ne2 c5 18. h5 Nd6 19. Nxd4 cxd4 20. Kb1 Nc5 21. Re1 Qb6
22. h6 Qb3 23. Qxb3 Nxb3 24. Kc2 Nc5 25. hxg7 Rfc8 26. Bh3 Ndxe4 27. Rh2 d3+
28. Kd1 Re8 29. Bf5 Nxd2 30. Kxd2 e4 31. Ke3 Re5 32. Kf4 Rae8 33. Reh1 d2 34.
Rxd2 e3 35. Re2 Kxg7 36. Rxh7+ Kg8 37. Rh3 b5 38. Rhxe3 Rxe3 39. Rxe3 Rxe3 40.
Kxe3 bxc4 41. Kd4 Na4 42. Kxc4 Nxb2+ 43. Kb5 a4 44. Bc2 1-0

[Event "4NCL/Div1c/WRO1 vs. PAP"]
[Site "Hinckley Island ENG"]
[Date "2009.03.22"]
[Round "8.4"]
[White "Pokorna, Regina"]
[Black "Gourlay, Iain"]
[Result "1-0"]
[WhiteElo "2384"]
[BlackElo "2362"]
[PlyCount "83"]
[EventDate "2009.03.22"]
[EventType "team"]
[EventRounds "11"]
[EventCountry "ENG"]
[SourceDate "2008.10.04"]

1. e4 c5 2. Nf3 e6 3. d4 cxd4 4. Nxd4 Nc6 5. Nc3 Qc7 6. Be2 a6 7. O-O Nf6 8.
Be3 Bb4 9. Na4 Be7 10. Nxc6 bxc6 11. Nb6 Rb8 12. Nxc8 Qxc8 13. Bd4 c5 14. Be5
Rb6 15. b3 Nxe4 16. Bxg7 Rg8 17. Be5 Bd6 18. Bg3 f5 19. Re1 Bxg3 20. hxg3 Qc7
21. Bh5+ Kf8 22. Qe2 Rd6 23. Qe3 Rg7 24. Bf3 Ng5 25. Rad1 Nxf3+ 26. Qxf3 Rg4
27. c3 Kf7 28. Rxd6 Qxd6 29. Rd1 Qc7 30. Qd3 d5 31. Qxa6 c4 32. Re1 Rg6 33.
bxc4 dxc4 34. Rb1 Kf6 35. Re1 Kf7 36. Qb5 Rg8 37. Rd1 Rd8 38. Rxd8 Qxd8 39.
Qxc4 Qd1+ 40. Kh2 Qe1 41. f3 Kg6 42. a4 1-0

[Event "4NCL/Div1c/WRO1 vs. PAP"]
[Site "Hinckley Island ENG"]
[Date "2009.03.22"]
[Round "8.5"]
[White "Barrett, Steve J"]
[Black "Allicock, Rawle A"]
[Result "1-0"]
[WhiteElo "2234"]
[BlackElo "2300"]
[PlyCount "77"]
[EventDate "2009.03.22"]
[EventType "team"]
[EventRounds "11"]
[EventCountry "ENG"]
[SourceDate "2008.10.04"]

1. d4 Nf6 2. c4 e6 3. Nc3 Bb4 4. Qc2 Nc6 5. Nf3 d6 6. Bg5 h6 7. Bd2 O-O 8. a3
Bxc3 9. Bxc3 Qe7 10. e4 e5 11. d5 Nb8 12. Be2 Bg4 13. O-O Nbd7 14. Rae1 Nh5 15.
h3 Bxf3 16. Bxf3 Nf4 17. Kh2 Qh4 18. Rh1 Qf6 19. Bg4 Nc5 20. b4 h5 21. Bd1 Nd7
22. g3 Ng6 23. Bxh5 Nb6 24. Rhf1 Nxc4 25. f4 Nxa3 26. Qe2 a6 27. fxe5 Qg5 28.
Rf5 Qh6 29. e6 Nb5 30. Ba1 f6 31. Qg4 Ne7 32. Bf7+ Rxf7 33. exf7+ Kxf7 34. Rh5
Qd2+ 35. Re2 Qd1 36. Rh7 Rg8 37. Bxf6 Qf1 38. Rxg7+ Kxf6 39. Qg5# 1-0

[Event "4NCL/Div1c/WRO1 vs. PAP"]
[Site "Hinckley Island ENG"]
[Date "2009.03.22"]
[Round "8.6"]
[White "Kilpatrick, Callum"]
[Black "Gayson, Peter M"]
[Result "1-0"]
[WhiteElo "2211"]
[BlackElo "2258"]
[PlyCount "67"]
[EventDate "2009.03.22"]
[EventType "team"]
[EventRounds "11"]
[EventCountry "ENG"]
[SourceDate "2008.10.04"]

1. d4 f5 2. Nc3 d5 3. Bf4 Nf6 4. e3 e6 5. Nf3 Be7 6. Bd3 O-O 7. O-O c5 8. dxc5
Bxc5 9. Nb5 Nc6 10. c4 a6 11. Nc7 Ra7 12. cxd5 Nxd5 13. Nxd5 Qxd5 14. Qe2 Qd8
15. Rfd1 Qe7 16. Rac1 b6 17. a3 a5 18. Bb5 Bb7 19. Rxc5 bxc5 20. Bd6 Qf6 21.
Bxc5 Rf7 22. Bxa7 Nxa7 23. Bc4 Bc8 24. Nd4 Rc7 25. b3 Kf8 26. Qd2 e5 27. Ne6+
Bxe6 28. Bxe6 Nc6 29. Bxf5 Qxf5 30. Qd6+ Re7 31. Qxc6 Kf7 32. h3 Re6 33. Qc7+
Re7 34. Qxa5 $138 1-0

[Event "4NCL/Div1c/WRO1 vs. PAP"]
[Site "Hinckley Island ENG"]
[Date "2009.03.22"]
[Round "8.7"]
[White "Townsend, Paul"]
[Black "Winkelmann, Elena"]
[Result "1/2-1/2"]
[WhiteElo "2197"]
[BlackElo "2101"]
[PlyCount "56"]
[EventDate "2009.03.22"]
[EventType "team"]
[EventRounds "11"]
[EventCountry "ENG"]
[SourceDate "2008.10.04"]

1. f4 d5 2. Nf3 c5 3. e3 a6 4. Be2 Nc6 5. O-O Nf6 6. d3 g6 7. Ne5 Bd7 8. Bf3
Qc7 9. Nxd7 Qxd7 10. Nc3 Bg7 11. Na4 Qd6 12. e4 dxe4 13. dxe4 Nd4 14. Be3 Nd7
15. e5 Nxf3+ 16. Qxf3 Qc7 17. Rad1 Rd8 18. Nc3 e6 19. Ne4 O-O 20. Rd2 b6 21.
Rfd1 Nb8 22. Bf2 Rxd2 23. Rxd2 f6 24. Qh3 Qc6 25. Nd6 Qd7 26. Nc4 Qf7 27. Nd6
Qd7 28. Nc4 Qf7 1/2-1/2

[Event "4NCL/Div1c/WRO1 vs. PAP"]
[Site "Hinckley Island ENG"]
[Date "2009.03.22"]
[Round "8.8"]
[White "Auckland, Elliott"]
[Black "Hollingworth, Evie"]
[Result "1/2-1/2"]
[WhiteElo "2014"]
[BlackElo "1790"]
[PlyCount "95"]
[EventDate "2009.03.22"]
[EventType "team"]
[EventRounds "11"]
[EventCountry "ENG"]
[SourceDate "2008.10.04"]

1. Nf3 Nf6 2. g3 d5 3. d4 c6 4. Bg2 Bg4 5. O-O Qc8 6. Ne5 Bh3 7. c4 h5 8. f3
Bxg2 9. Kxg2 dxc4 10. Nxc4 h4 11. Rh1 hxg3 12. hxg3 Rxh1 13. Qxh1 Qe6 14. Ne3
Na6 15. Qh3 Qd6 16. Nc2 c5 17. Qh4 Rd8 18. dxc5 Nxc5 19. Nc3 e6 20. Bg5 Be7 21.
Rd1 Qb6 22. Na4 Nxa4 23. Qxa4+ Qc6 24. Rxd8+ Bxd8 25. Qb3 Qd5 26. Qa4+ Qc6 27.
Qxc6+ bxc6 28. Nb4 Kd7 29. Nd3 Bc7 30. e4 e5 31. b4 Kd6 32. Nb2 Nd7 33. Nc4+
Ke6 34. Be3 Nb6 35. Nxb6 Bxb6 36. Bc5 g6 37. Kf2 f5 38. Ke3 Bxc5+ 39. bxc5 a5
40. Kd3 Kf6 41. Ke3 Ke6 42. a3 Kf6 43. exf5 gxf5 44. g4 Kg5 45. gxf5 Kxf5 46.
a4 Kf6 47. Kd3 Kf5 48. Ke3 1/2-1/2

[Event "4NCL/Div1c/BAR1 vs. GADS"]
[Site "Hinckley Island ENG"]
[Date "2009.03.22"]
[Round "8.2"]
[White "Davies, Nigel R"]
[Black "D'Costa, Lorin A R"]
[Result "1-0"]
[WhiteElo "2483"]
[BlackElo "2445"]
[PlyCount "55"]
[EventDate "2009.03.22"]
[EventType "team"]
[EventRounds "11"]
[EventCountry "ENG"]
[SourceDate "2008.10.04"]

1. Nf3 Nf6 2. g3 d5 3. Bg2 c6 4. O-O Bg4 5. c4 Nbd7 6. cxd5 cxd5 7. Qb3 e5 8.
d4 Bd6 9. dxe5 Nxe5 10. Nc3 Nxf3+ 11. Bxf3 Bxf3 12. exf3 O-O 13. Rd1 Be5 14.
Nxd5 Nxd5 15. Rxd5 Qf6 16. Bg5 Qxg5 17. f4 Qg6 18. fxe5 Rac8 19. Rad1 h5 20. h4
Rc2 21. Qxb7 Qe4 22. Qxa7 Rxb2 23. a4 Qe2 24. Qd4 Ra2 25. Qf4 f6 26. Rd8 Kh7
27. Qf5+ Kh6 28. exf6 1-0

[Event "4NCL/Div1c/BAR1 vs. GADS"]
[Site "Hinckley Island ENG"]
[Date "2009.03.22"]
[Round "8.3"]
[White "Ferguson, Mark"]
[Black "Taulbut, Shaun M"]
[Result "1-0"]
[WhiteElo "2404"]
[BlackElo "2400"]
[PlyCount "45"]
[EventDate "2009.03.22"]
[EventType "team"]
[EventRounds "11"]
[EventCountry "ENG"]
[SourceDate "2008.10.04"]

1. e4 d5 2. exd5 Nf6 3. d4 Bg4 4. Nf3 Qxd5 5. Be2 Nc6 6. h3 Bh5 7. c4 Qd7 8. g4
Bg6 9. d5 Nb4 10. Ne5 Qd6 11. Nxg6 hxg6 12. Nc3 c6 13. a3 Na6 14. dxc6 bxc6 15.
Qxd6 exd6 16. Bf3 Kd7 17. Be3 Nc5 18. O-O-O Ne6 19. b4 Rc8 20. Bxa7 Ra8 21. Be3
Rxa3 22. Kb2 Ra6 23. b5 1-0

[Event "4NCL/Div1c/BAR1 vs. GADS"]
[Site "Hinckley Island ENG"]
[Date "2009.03.22"]
[Round "8.4"]
[White "Richardson, John R"]
[Black "Devereaux, Maxim"]
[Result "0-1"]
[WhiteElo "2312"]
[BlackElo "2437"]
[PlyCount "100"]
[EventDate "2009.03.22"]
[EventType "team"]
[EventRounds "11"]
[EventCountry "ENG"]
[SourceDate "2008.10.04"]

1. d4 Nf6 2. c4 e6 3. Nc3 Bb4 4. e3 O-O 5. Bd3 d5 6. Nf3 c5 7. O-O Nc6 8. a3
Bxc3 9. bxc3 dxc4 10. Bxc4 Qe7 11. Bd3 e5 12. e4 cxd4 13. cxd4 Bg4 14. d5 Nd4
15. Be2 Nxe2+ 16. Qxe2 Rac8 17. Bg5 Qd6 18. Bxf6 Qxf6 19. Rfc1 Qf4 20. Qe3 Qxe3
21. fxe3 f6 22. Kf2 Kf7 23. Nd2 Ke7 24. Nb3 b6 25. Rxc8 Rxc8 26. Rc1 Kd6 27.
Ke1 Rxc1+ 28. Nxc1 Bc8 29. Na2 f5 30. exf5 Kxd5 31. g4 Kc4 32. Kd2 Kb3 33. Nc3
Kxa3 34. Nb5+ Kb4 35. Nxa7 Bd7 36. e4 Kc5 37. Kd3 b5 38. g5 Kb6 39. f6 gxf6 40.
gxf6 Be6 41. Nc8+ Kc7 42. Ne7 Bc4+ 43. Kc3 Kd7 44. Nd5 Ke6 45. Ne3 Be2 46. Nd5
Kf7 47. Kb4 Bd3 48. Nc3 Kxf6 49. Nxb5 Kg5 50. Kc3 Bxb5 0-1

[Event "4NCL/Div1c/BAR1 vs. GADS"]
[Site "Hinckley Island ENG"]
[Date "2009.03.22"]
[Round "8.5"]
[White "Cox, John J"]
[Black "Snape, Ian"]
[Result "1/2-1/2"]
[WhiteElo "2364"]
[BlackElo "2210"]
[PlyCount "103"]
[EventDate "2009.03.22"]
[EventType "team"]
[EventRounds "11"]
[EventCountry "ENG"]
[SourceDate "2008.10.04"]

1. d4 Nf6 2. c4 g6 3. Nc3 Bg7 4. e4 d6 5. Nf3 O-O 6. Be2 e5 7. O-O Nc6 8. d5
Ne7 9. Ne1 Nd7 10. Be3 f5 11. f3 f4 12. Bf2 g5 13. a4 Ng6 14. a5 Rf7 15. c5 h5
16. cxd6 cxd6 17. Nb5 Nf6 18. Nxa7 Bd7 19. a6 bxa6 20. Rxa6 g4 21. Nc6 Qe8 22.
Rxa8 Qxa8 23. Qb3 Bf8 24. Nd3 g3 25. hxg3 fxg3 26. Bxg3 h4 27. Bf2 Nh5 28. Qd1
Ng3 29. b4 Nxf1 30. Bxf1 Bxc6 31. dxc6 Qxc6 32. Qb3 Kg7 33. b5 Qc8 34. b6 h3
35. Ne1 hxg2 36. Nxg2 d5 37. Qxd5 Rxf3 38. b7 Qc2 39. Ba7 Qc1 40. Ne3 Rxe3 41.
b8=Q Rg3+ 42. Kf2 Rc3 43. Be2 Qf4+ 44. Ke1 Rc1+ 45. Bd1 Qh6 46. Qbb3 Bb4+ 47.
Qxb4 Qh1+ 48. Kf2 Qh2+ 49. Kf1 Qh3+ 50. Kf2 Qh2+ 51. Kf1 Qh3+ 52. Kf2 1/2-1/2

[Event "4NCL/Div1c/BAR1 vs. GADS"]
[Site "Hinckley Island ENG"]
[Date "2009.03.22"]
[Round "8.6"]
[White "Wheeler, Darren P"]
[Black "Knott, Simon"]
[Result "1/2-1/2"]
[WhiteElo "2231"]
[BlackElo "2349"]
[PlyCount "53"]
[EventDate "2009.03.22"]
[EventType "team"]
[EventRounds "11"]
[EventCountry "ENG"]
[SourceDate "2008.10.04"]

1. e4 e6 2. d4 d5 3. Nc3 Bb4 4. e5 c5 5. a3 Bxc3+ 6. bxc3 Ne7 7. Qg4 O-O 8. Nf3
Nbc6 9. Bd3 f5 10. Qg3 c4 11. Be2 Qa5 12. Bd2 Bd7 13. h4 f4 14. Qg4 Nf5 15.
Qxf4 Qa4 16. Qg4 Qxc2 17. O-O Na5 18. Rac1 Qa4 19. Ra1 Nb3 20. Bd1 Qa6 21. Ra2
Nxd2 22. Nxd2 Ba4 23. Bxa4 Qxa4 24. Rb1 b6 25. Nf3 Qd7 26. Ng5 Rae8 27. a4
1/2-1/2

[Event "4NCL/Div1c/BAR1 vs. GADS"]
[Site "Hinckley Island ENG"]
[Date "2009.03.22"]
[Round "8.7"]
[White "Berry, Neil"]
[Black "Anderton, David"]
[Result "1/2-1/2"]
[WhiteElo "2317"]
[BlackElo "2225"]
[PlyCount "89"]
[EventDate "2009.03.22"]
[EventType "team"]
[EventRounds "11"]
[EventCountry "ENG"]
[SourceDate "2008.10.04"]

1. d4 f5 2. g3 Nf6 3. Bg2 g6 4. c4 Bg7 5. Nf3 d6 6. O-O O-O 7. Nc3 Qe8 8. Re1
Qf7 9. b3 Ne4 10. Bb2 Nc6 11. Rc1 e5 12. dxe5 dxe5 13. Nxe4 fxe4 14. Ng5 Qxf2+
15. Kh1 Rd8 16. Qc2 Qf5 17. Nxe4 Qh5 18. c5 Bg4 19. Qc4+ Kh8 20. Nf2 Bc8 21.
Rcd1 Re8 22. Ne4 Be6 23. Qb5 Rab8 24. e3 a6 25. Qd3 Bg4 26. Rd2 Bf3 27. Rf2
Bxg2+ 28. Kxg2 Rbd8 29. Qc4 Rf8 30. Ref1 Rxf2+ 31. Rxf2 Qd1 32. Ng5 Qd5+ 33.
Qxd5 Rxd5 34. Ne6 Rd7 35. e4 Re7 36. Nxg7 Kxg7 37. Rd2 Kf7 38. Bc3 Ke6 39. Kf2
Rd7 40. Rxd7 Kxd7 41. Ke3 Ke6 42. b4 b5 43. cxb6 cxb6 44. a4 b5 45. axb5
1/2-1/2

[Event "4NCL/Div1c/BAR1 vs. GADS"]
[Site "Hinckley Island ENG"]
[Date "2009.03.22"]
[Round "8.8"]
[White "Bellin, Jana"]
[Black "Lauterbach, Ingrid"]
[Result "0-1"]
[WhiteElo "2184"]
[BlackElo "2154"]
[PlyCount "76"]
[EventDate "2009.03.22"]
[EventType "team"]
[EventRounds "11"]
[EventCountry "ENG"]
[SourceDate "2008.10.04"]

1. d4 d6 2. Nf3 g6 3. Bf4 Bg7 4. e3 Nf6 5. h3 Nbd7 6. Be2 O-O 7. O-O c5 8. c3
a6 9. a4 b6 10. Nbd2 Bb7 11. Qb3 Nh5 12. Bh2 e5 13. dxc5 Nxc5 14. Qa3 Re8 15.
a5 Nd7 16. axb6 Qxb6 17. Rfd1 Nhf6 18. Qa5 Qc6 19. Nb3 d5 20. Qa2 Qb6 21. Na5
Bc8 22. c4 d4 23. exd4 exd4 24. Bf1 Ne4 25. c5 Ndxc5 26. Nc4 Qa7 27. b4 Nc3 28.
Qa3 N5e4 29. Rd3 Nb5 30. Qa5 Bf6 31. Qb6 Qe7 32. Qa5 Qe6 33. Na3 Bd8 34. Qa4
Nec3 35. Qc2 Bf6 36. Nxb5 Nxb5 37. Re1 Qd7 38. Rdd1 Bb7 $138 0-1

[Event "4NCL/Div1c/GUI2 vs. GUI1"]
[Site "Hinckley Island ENG"]
[Date "2009.03.22"]
[Round "8.1"]
[White "Plaskett, James"]
[Black "Rowson, Jonathan"]
[Result "1/2-1/2"]
[WhiteElo "2491"]
[BlackElo "2585"]
[PlyCount "46"]
[EventDate "2009.03.22"]
[EventType "team"]
[EventRounds "11"]
[EventCountry "ENG"]
[SourceDate "2008.10.04"]

1. e4 c5 2. Nf3 e6 3. Nc3 a6 4. d4 cxd4 5. Nxd4 Qc7 6. Be2 Nf6 7. O-O d6 8. f4
Be7 9. a4 Nc6 10. Be3 O-O 11. Kh1 Re8 12. Bf3 Rb8 13. Qd2 Bf8 14. Rad1 Nd7 15.
Qf2 Nxd4 16. Bxd4 b5 17. axb5 axb5 18. e5 d5 19. f5 Nxe5 20. fxe6 Nxf3 21. Qxf3
Bxe6 22. Nxd5 Bxd5 23. Qxd5 Qb7 1/2-1/2

[Event "4NCL/Div1c/GUI2 vs. GUI1"]
[Site "Hinckley Island ENG"]
[Date "2009.03.22"]
[Round "8.3"]
[White "Cherniaev, Alexander"]
[Black "Pert, Richard G"]
[Result "1/2-1/2"]
[WhiteElo "2438"]
[BlackElo "2456"]
[PlyCount "75"]
[EventDate "2009.03.22"]
[EventType "team"]
[EventRounds "11"]
[EventCountry "ENG"]
[SourceDate "2008.10.04"]

1. e4 c5 2. Nc3 Nc6 3. Bb5 Nd4 4. Bc4 e6 5. Nge2 Nf6 6. O-O a6 7. d3 b5 8. Bb3
Nxb3 9. axb3 Bb7 10. f4 d5 11. e5 Nd7 12. d4 Qc7 13. Be3 g6 14. Qe1 Be7 15. Qf2
h5 16. Rfd1 c4 17. bxc4 Qxc4 18. Nc1 Rc8 19. Nb3 Qc7 20. Rdc1 Nb6 21. Nc5 Nc4
22. b4 Qc6 23. Ne2 O-O 24. c3 a5 25. Ra2 Ra8 26. Rca1 axb4 27. cxb4 Rxa2 28.
Rxa2 Ra8 29. Rxa8+ Bxa8 30. Bc1 Bxc5 31. dxc5 d4 32. Nxd4 Qe4 33. h3 Qb1 34.
Qe1 Qa2 35. Ne2 Qc2 36. Kf2 Qe4 37. Qf1 Qb1 38. Qe1 1/2-1/2

[Event "4NCL/Div1c/GUI2 vs. GUI1"]
[Site "Hinckley Island ENG"]
[Date "2009.03.22"]
[Round "8.4"]
[White "Pert, Nicholas"]
[Black "Berzinsh, Roland"]
[Result "1/2-1/2"]
[WhiteElo "2536"]
[BlackElo "2420"]
[PlyCount "49"]
[EventDate "2009.03.22"]
[EventType "team"]
[EventRounds "11"]
[EventCountry "ENG"]
[SourceDate "2008.10.04"]

1. d4 Nf6 2. Nf3 e6 3. c4 Bb4+ 4. Bd2 c5 5. Bxb4 cxb4 6. g3 O-O 7. Bg2 d6 8.
O-O Nc6 9. Nbd2 e5 10. d5 Nb8 11. Ne1 Qb6 12. Nd3 Na6 13. c5 Nxc5 14. Nc4 Qa6
15. Ncxe5 dxe5 16. Nxc5 Qb5 17. Rc1 Bg4 18. f3 Rac8 19. Nd3 Rxc1 20. Qxc1 Bf5
21. Nf2 Qxe2 22. Re1 Qc2 23. Qxc2 Bxc2 24. Rxe5 b3 25. axb3 1/2-1/2